| 000 | 00657nam a22002297a 4500 | ||
|---|---|---|---|
| 001 | 9718 | ||
| 003 | BD-RjUL | ||
| 005 | 20211208234826.0 | ||
| 008 | 140121s1983 caua||||| |||| 00| 0 eng d | ||
| 035 | _a(BD-RjUL) 9763 | ||
| 040 |
_aBD-RjUL _beng _cBD-RjUL |
||
| 041 | _aeng | ||
| 082 |
_a540 _bSHS 1983 |
||
| 100 |
_aShive, Donald W. _930049 |
||
| 245 |
_aStudy guide for Mortimer's Chemistry / _cDonald W Shive; Charles E Mortimer. |
||
| 250 | _a5th ed. | ||
| 260 |
_aBelmont California : _bD. Van Nostrand, _c1983. |
||
| 300 |
_a412 p. : _bill. ; _c22 cm. |
||
| 650 |
_aChemistry. _930050 |
||
| 700 |
_aMortimer, Charles E. _929763 |
||
| 942 |
_2ddc _cBK |
||
| 999 |
_c9718 _d9718 |
||